00460nam a2200133Ia 4500008004100000020001800041082001700059100002500076245011300101260003900214300001100253500002700264650003500291120622s9999 xx 000 0 und d a970-676-276-0 a336.24 L961c aLuna Guerra, Antonio aCasos prácticos de ISR e IMPAC para personas físicas con actividades empresariales / Antonio Luna Guerra aMéxico : Ediciones Fiscales ISEF a134 p. aIncluye bibliografía a1. IMPUESTOS SOBRE LA RENTAÌ